[Event "Sparkassen Open A 2013"]
[Site "Dortmund GER"]
[Date "2013.08.03"]
[Round "8.34"]
[White "Wegelin, Reinhard"]
[Black "Stoer, Agnes"]
[Result "0-1"]
[WhiteElo "1935"]
[BlackElo "1869"]
[WhiteFideId "1305778"]
[BlackFideId "1270593"]
[EventDate "2013.07.27"]

1. d4 Nf6 2. f3 d5 3. e4 dxe4 4. Nc3 exf3 5. Nxf3 Bg4 6. h3 Bh5 7. g4 Bg6 8. Ne5
Nbd7 9. Nxg6 hxg6 10. Qf3 c6 11. Bc4 e6 12. Rf1 Nb6 13. Bb3 Qd7 14. Be3 Nfd5 15.
Nxd5 Nxd5 16. Bd2 a5 17. a3 a4 18. Ba2 b5 19. c4 Nc7 20. O-O-O Ra7 21. cxb5 cxb5
22. Kb1 Nd5 23. Rde1 Kd8 24. Re5 Bd6 25. Bxd5 Bxe5 26. Bc6 Qxd4 27. Bc3 Qc5 28.
Rd1+ Kc8 29. Bb4 Qb6 30. Qe2 Bf4 31. Rd3 Rc7 32. Bxb5 Qg1+ 33. Ka2 Qa7 34. Rd4
Qxd4 35. Ba6+ Kd8 36. Qb5 Qd5+ 0-1

[Event "Sparkassen Open A 2013"]
[Site "Dortmund GER"]
[Date "2013.08.03"]
[Round "8.36"]
[White "Oberste, Norbert"]
[Black "Deinert, Wolfgang"]
[Result "0-1"]
[WhiteElo "1778"]
[BlackElo "1778"]
[WhiteFideId "24608432"]
[BlackFideId "4685229"]
[EventDate "2013.07.27"]

1. f4 d5 2. e3 Nf6 3. Nf3 e6 4. d4 Bd6 5. Bd3 Bd7 6. O-O Nc6 7. c3 Ne7 8. Ne5
Bc6 9. b4 O-O 10. Nd2 Be8 11. g4 Nd7 12. g5 Nf5 13. Rf3 f6 14. Nxd7 Bxd7 15. Rh3
fxg5 16. Qh5 h6 17. Nf3 gxf4 18. exf4 Qf6 19. Ne5 Be8 20. Qe2 Bxe5 21. fxe5 Qg6+
22. Kh1 Qh7 23. Bxh6 gxh6 24. Rg1+ Kh8 25. Qd2 Bg6 26. Bxf5 Bxf5 27. Rxh6 Be4+
28. Rg2 Rf1# 0-1

[Event "Sparkassen Open A 2013"]
[Site "Dortmund GER"]
[Date "2013.08.04"]
[Round "9.1"]
[White "Wagner, Alexej"]
[Black "Schmittdiel, Eckhard"]
[Result "1/2-1/2"]
[BlackTitle "GM"]
[WhiteElo "2220"]
[BlackElo "2435"]
[WhiteFideId "4129555"]
[BlackFideId "4600096"]
[EventDate "2013.07.27"]

1. d4 Nf6 2. c4 e6 3. Nf3 c5 4. d5 exd5 5. cxd5 g6 6. Nc3 Bg7 7. e4 O-O 8. Bd3
d6 9. h3 b5 10. Bxb5 Nxe4 11. Nxe4 Qa5+ 12. Nfd2 Qxb5 13. Nxd6 Qd7 14. N2c4 Ba6
15. O-O Rd8 16. Bg5 f6 17. Bf4 Bxc4 18. Nxc4 Qxd5 19. Na5 f5 20. Qxd5+ Rxd5 21.
Rad1 Rxd1 22. Rxd1 Na6 23. Rd6 Nc7 24. Nc4 Bf8 25. Rd7 Ne6 26. Be5 a6 27. b3 Ng5
28. Nb6 Re8 29. f4 Ne4 30. Nd5 Re6 31. h4 h5 32. Rc7 Re8 33. Rc6 Kf7 34. Rxa6
Rd8 35. Ra7+ 1/2-1/2

[Event "Sparkassen Open A 2013"]
[Site "Dortmund GER"]
[Date "2013.08.04"]
[Round "9.2"]
[White "Scheider, Julian"]
[Black "Michalczak, Thomas"]
[Result "1/2-1/2"]
[BlackTitle "FM"]
[WhiteElo "2305"]
[BlackElo "2299"]
[WhiteFideId "24601284"]
[BlackFideId "4622634"]
[EventDate "2013.07.27"]

1. e4 e5 2. Nf3 Nc6 3. d4 exd4 4. Nxd4 Nf6 5. Nxc6 bxc6 6. e5 Qe7 7. Qe2 Nd5 8.
c4 Ba6 9. b3 O-O-O 10. Bb2 Qg5 11. Nd2 Bb4 12. h4 Qg6 13. Qd3 Qxd3 14. Bxd3 Nf4
15. Bf1 c5 16. a3 Ba5 1/2-1/2

[Event "Sparkassen Open A 2013"]
[Site "Dortmund GER"]
[Date "2013.08.04"]
[Round "9.3"]
[White "Schiefelbusch, Dirk"]
[Black "Heinert, Eugen"]
[Result "0-1"]
[WhiteElo "2133"]
[BlackElo "2129"]
[WhiteFideId "4694139"]
[BlackFideId "24621390"]
[EventDate "2013.07.27"]

1. d4 d5 2. Nf3 Nf6 3. c4 dxc4 4. e3 e6 5. Bxc4 a6 6. O-O c5 7. a4 Nc6 8. Nc3
Be7 9. dxc5 Bxc5 10. Qe2 O-O 11. Rd1 Qc7 12. h3 b6 13. e4 Bb7 14. e5 Nd7 15. Bf4
Ne7 16. Ne4 Ng6 17. Bg3 Rfd8 18. Rac1 Qc6 19. Nd6 Bxd6 20. Rxd6 Qc7 21. Rxe6
Bxf3 22. gxf3 Kh8 23. Rxg6 fxg6 24. e6 Qc5 25. b4 Qc6 26. Re1 Nf6 27. e7 Re8 28.
Bxa6 Rxa6 29. Qxa6 Qd7 30. b5 Rxe7 31. Qa8+ Re8 32. Rxe8+ Nxe8 33. Qe4 0-1

[Event "Sparkassen Open A 2013"]
[Site "Dortmund GER"]
[Date "2013.08.04"]
[Round "9.4"]
[White "Heck, Norbert"]
[Black "Schroeder, Kevin"]
[Result "1/2-1/2"]
[WhiteTitle "FM"]
[WhiteElo "2280"]
[BlackElo "2079"]
[WhiteFideId "4622928"]
[BlackFideId "12929840"]
[EventDate "2013.07.27"]

1. Nf3 c5 2. c4 Nc6 3. g3 g6 4. Bg2 Bg7 5. O-O e6 6. Nc3 Nge7 7. d3 O-O 8. Bd2
d6 9. Rb1 b6 10. a3 Bb7 11. b4 Qd7 12. e3 Rac8 13. Qb3 Rfd8 14. Rfc1 Ne5 15.
Nxe5 Bxe5 16. Qd1 Bxg2 17. Kxg2 Bg7 18. Qf3 Nc6 19. Qe2 f5 20. f4 Ne7 21. Qf3 d5
22. bxc5 dxc4 23. cxb6 Qxd3 24. Be1 axb6 25. Rxb6 Nd5 26. Nxd5 exd5 27. Rd1 Qxa3
28. Rxd5 Qa2+ 29. Kh3 c3 30. Rxd8+ Rxd8 31. Qc6 c2 32. Qc7 Rf8 33. Bb4 Qb2 34.
Bd2 Qb1 35. Qc4+ Kh8 36. Rc6 Rd8 37. Rc8 Qb6 38. Qxc2 h6 39. Rc4 g5 40. fxg5 Qe6
41. Bc1 hxg5 42. Kg2 Be5 43. e4 f4 44. Qe2 Qf7 45. Rc5 Rf8 46. gxf4 gxf4 47. Qf3
Qg6+ 48. Kf1 Bd4 49. Qh5+ Qxh5 50. Rxh5+ Kg7 51. Rd5 Bf6 52. Kf2 f3 53. Bf4 Kf7
54. Kxf3 Ke6 55. Rb5 Bd8 56. Re5+ Kd7 57. Rf5 Rxf5 58. exf5 Ke8 59. Be5 Kf7 60.
Kg4 Bb6 61. h4 Be3 62. Bf4 Bd4 63. Bg5 Bh8 64. Bd8 Bd4 65. Bc7 Bc3 66. Bf4 Kg7
67. Bg5 Bd4 68. h5 Be5 69. Kf3 Bc3 70. Ke4 Kf7 71. Kd5 Bb2 72. h6 Bc3 73. Be3
Kg8 74. Bd4 Bd2 75. Ke6 Bxh6 76. f6 Bf8 77. f7+ Kh7 78. Kd7 Kg6 79. Ke8 Bh6 80.
Be5 Kh7 81. Bd6 Kg6 82. Be7 Bg7 83. Bf8 Bd4 84. Bd6 Bg7 85. Be5 Bh6 86. Bd4 Kf5
87. Bc5 Kg6 88. Ke7 Bg7 89. Ke6 Bh6 90. Bd6 Bg7 91. Ke7 Bh6 92. Be5 Kf5 93. Bc3
Kg6 94. Ke8 Kf5 1/2-1/2

[Event "Sparkassen Open A 2013"]
[Site "Dortmund GER"]
[Date "2013.08.04"]
[Round "9.5"]
[White "Torres-Kuckel, Rafael"]
[Black "Begna, Bozidar"]
[Result "1-0"]
[WhiteTitle "FM"]
[WhiteElo "2269"]
[BlackElo "2042"]
[WhiteFideId "4625072"]
[BlackFideId "4633555"]
[EventDate "2013.07.27"]

1. e4 d6 2. Nc3 e5 3. f4 Nf6 4. Nf3 Nbd7 5. Bc4 Be7 6. O-O O-O 7. a4 c6 8. d3
Qc7 9. Kh1 b6 10. Nh4 Nc5 11. fxe5 dxe5 12. Nf5 Bxf5 13. Rxf5 Ne6 14. Ne2 a6 15.
a5 b5 16. Bb3 Rad8 17. Qe1 c5 18. Be3 Ng4 19. Bg1 g6 20. Rf1 Nd4 21. Nxd4 exd4
22. Qe2 Ne5 23. Bd5 Kg7 24. c3 Nc6 25. cxd4 Nxd4 26. Bxd4+ cxd4 27. Rfc1 Qe5 28.
Bb7 Rb8 29. Bd5 Bd6 30. g3 f5 31. Rf1 h5 32. Qg2 Rbc8 33. Rae1 f4 34. gxf4 Rxf4
35. Rxf4 Qxf4 36. Rg1 Qh6 37. Qh3 Qf4 38. Qxh5 Qf6 39. e5 Bxe5 40. Be4 Qf4 41.
Rxg6+ Kf8 42. Qh6+ Qxh6 43. Rxh6 Rc1+ 44. Kg2 Rc2+ 45. Kf3 Rxh2 46. Rxa6 Rxb2
47. Re6 Bc7 48. a6 Ra2 49. Bd5 Ra3 50. Ke4 Bg3 51. Rg6 Bc7 52. Kxd4 b4 53. Rc6
Bg3 54. Kc4 Be5 55. Kxb4 Ra1 56. Re6 Bd4 57. Bc4 Rb1+ 1-0

[Event "Sparkassen Open A 2013"]
[Site "Dortmund GER"]
[Date "2013.08.04"]
[Round "9.6"]
[White "Kartsev, Soel"]
[Black "Friedel, Marcus"]
[Result "1/2-1/2"]
[WhiteElo "2223"]
[BlackElo "2120"]
[WhiteFideId "4130561"]
[BlackFideId "4688708"]
[EventDate "2013.07.27"]

1. e4 e5 2. Nf3 Nc6 3. Bb5 Nf6 4. d3 Bc5 5. c3 O-O 6. O-O d5 7. Nbd2 dxe4 8.
dxe4 Qe7 9. Qe2 Nd8 10. b4 Bb6 11. Nc4 c6 12. Nxb6 axb6 13. Bc4 Be6 14. Nxe5
Bxc4 15. Nxc4 b5 16. Nd2 Re8 17. Re1 Qe5 18. Bb2 Nd5 19. Nf3 Qh5 20. Nd4 Qxe2
21. Rxe2 Nb6 22. f3 Ne6 23. Kf2 Nc4 24. Nxe6 fxe6 25. Rc2 Red8 26. Ke2 h6 27.
Bc1 Kf7 28. g3 e5 29. h4 Ke6 30. Be3 Ra3 31. f4 Rda8 32. f5+ Kf7 33. g4 Rd8 34.
Bc5 b6 35. Bf2 Raa8 36. g5 h5 37. Be3 g6 38. fxg6+ Kxg6 39. Bg1 Ra7 40. Be3 Rda8
41. Rf1 Rxa2 42. Rf6+ Kg7 43. Rxa2 Rxa2+ 44. Kf3 1/2-1/2

[Event "Sparkassen Open A 2013"]
[Site "Dortmund GER"]
[Date "2013.08.04"]
[Round "9.9"]
[White "Vogt, Marc Jonas"]
[Black "Agrest, Inna"]
[Result "0-1"]
[BlackTitle "WIM"]
[WhiteElo "1893"]
[BlackElo "2193"]
[WhiteFideId "24695661"]
[BlackFideId "1708830"]
[EventDate "2013.07.27"]

1. e4 e5 2. Nf3 Nc6 3. d4 exd4 4. Nxd4 Nf6 5. Nxc6 bxc6 6. e5 Qe7 7. Qe2 Nd5 8.
c4 Nb6 9. b3 Qe6 10. Bb2 a5 11. Nd2 a4 12. Bc3 axb3 13. axb3 Rxa1+ 14. Bxa1 Bb4
15. g3 Qg6 16. Qd3 O-O 17. f4 d6 18. Qxg6 hxg6 19. Ke2 Bg4+ 20. Nf3 Ra8 0-1

[Event "Sparkassen Open A 2013"]
[Site "Dortmund GER"]
[Date "2013.08.04"]
[Round "9.15"]
[White "Schorra, Helmut"]
[Black "Nielsen, Frode B."]
[Result "0-1"]
[WhiteElo "2083"]
[BlackElo "2015"]
[WhiteFideId "4648692"]
[BlackFideId "1405721"]
[EventDate "2013.07.27"]

1. d4 Nf6 2. c4 c5 3. d5 e6 4. Nc3 exd5 5. cxd5 d6 6. g3 g6 7. Bg2 Bg7 8. Nf3
O-O 9. O-O Re8 10. h3 Bd7 11. a4 Na6 12. Nd2 Nb4 13. Nc4 Bf5 14. Bf4 Ne4 15.
Nxe4 Bxe4 16. Nxd6 Bxg2 17. Kxg2 Re7 18. h4 Rd7 19. Ne4 Rxd5 20. Qb3 Qe7 21. f3
h6 22. Rac1 Rad8 23. Qe3 Bd4 24. Qb3 Kh7 25. e3 Bg7 26. Nxc5 Rxc5 27. Rxc5 Qxc5
28. Qxf7 Rd2+ 29. Kh3 Nd3 30. g4 Rxb2 31. h5 gxh5 32. gxh5 Nxf4+ 33. exf4 Qc2
34. Rh1 Qg2+ 0-1

[Event "Sparkassen Open A 2013"]
[Site "Dortmund GER"]
[Date "2013.08.04"]
[Round "9.16"]
[White "Meyer, Juergen1"]
[Black "Kuckling, Hannah"]
[Result "0-1"]
[WhiteElo "2075"]
[BlackElo "1953"]
[WhiteFideId "4623878"]
[BlackFideId "24603660"]
[EventDate "2013.07.27"]

1. e4 c5 2. Nf3 e6 3. d4 cxd4 4. Nxd4 Nc6 5. Be2 Qc7 6. O-O a6 7. Be3 Nf6 8. Nc3
Be7 9. f4 d6 10. Qe1 O-O 11. Qg3 Bd7 12. Kh1 b5 13. e5 dxe5 14. fxe5 Nxe5 15.
Rxf6 Bxf6 16. Ne4 Bd8 17. Bf4 f6 18. Bg4 Qc4 19. Bxe5 fxe5 0-1

[Event "Sparkassen Open A 2013"]
[Site "Dortmund GER"]
[Date "2013.08.04"]
[Round "9.17"]
[White "Hellwig, Thomas"]
[Black "Kartsev, Alexandr"]
[Result "0-1"]
[WhiteElo "2046"]
[BlackElo "2247"]
[WhiteFideId "24646547"]
[BlackFideId "24647110"]
[EventDate "2013.07.27"]

1. d4 f5 2. g3 Nf6 3. Bg2 g6 4. Nf3 Bg7 5. O-O O-O 6. b3 c6 7. Bb2 d6 8. Nbd2
Na6 9. c4 Nc7 10. Qc2 Kh8 11. Rad1 Be6 12. e4 fxe4 13. Nxe4 Qd7 14. Nxf6 exf6
15. Qd2 d5 16. Rc1 Rfe8 17. Rfe1 Bf7 18. Qb4 Bh6 19. Rcd1 Bf8 20. Rxe8 Rxe8 21.
Qxb7 dxc4 22. d5 cxd5 23. Bxf6+ Bg7 24. Bxg7+ Kxg7 25. bxc4 Qa4 26. Qb1 dxc4 27.
Qa1+ Kg8 28. Rd4 Qa5 29. Nd2 Nb5 30. Rd7 Rd8 31. Rxd8+ Qxd8 32. Ne4 c3 33. a4 c2
34. Bf1 Qd4 35. Qe1 Nc7 36. Nd2 Qb2 0-1

[Event "Sparkassen Open A 2013"]
[Site "Dortmund GER"]
[Date "2013.08.04"]
[Round "9.19"]
[White "Algars, Olle"]
[Black "Meyes, Richard"]
[Result "1-0"]
[WhiteElo "2090"]
[BlackElo "1808"]
[WhiteFideId "1702513"]
[BlackFideId "12932833"]
[EventDate "2013.07.27"]

1. Nf3 Nf6 2. c4 g6 3. g3 Bg7 4. d4 O-O 5. Nc3 d6 6. Bg2 c6 7. O-O Qa5 8. Qc2
Be6 9. b3 d5 10. Nd2 Rd8 11. c5 Bf5 12. Qb2 Nfd7 13. b4 Qc7 14. Nb3 e5 15. Be3
f6 16. Bxd5+ Kh8 17. Be4 Bh3 18. Bg2 Bxg2 19. Kxg2 Nf8 20. Rad1 f5 21. dxe5 Nbd7
22. f4 g5 23. Rd6 Ng6 24. Bd4 gxf4 25. gxf4 Ndxe5 26. fxe5 Nxe5 27. Nb5 Qe7 28.
Rxd8+ Rxd8 29. Nd6 Rxd6 30. cxd6 Qg5+ 31. Kh1 Qg4 32. d7 Qe4+ 33. Rf3 1-0

[Event "Sparkassen Open A 2013"]
[Site "Dortmund GER"]
[Date "2013.08.04"]
[Round "9.23"]
[White "Zolfagharian, Kevin"]
[Black "Bramkamp, Rainer"]
[Result "1-0"]
[WhiteElo "2010"]
[BlackElo "2081"]
[WhiteFideId "12933570"]
[BlackFideId "4667298"]
[EventDate "2013.07.27"]

1. e4 c6 2. d4 d5 3. e5 Bf5 4. Nc3 Qb6 5. Nf3 e6 6. Be2 Ne7 7. O-O Bg4 8. Na4
Qc7 9. b3 Nd7 10. Ba3 Nf5 11. Bxf8 Kxf8 12. Rc1 b5 13. Nb2 Qb6 14. c3 g6 15. Qd2
Kg7 16. Nh4 Nxh4 17. Bxg4 h5 18. Be2 Qd8 19. Rfd1 f6 20. f4 fxe5 21. fxe5 Qe7
22. c4 bxc4 23. bxc4 Rhc8 24. cxd5 exd5 25. Ba6 Rc7 26. Nd3 Re8 27. Nf4 Nf8 28.
Qf2 Nf5 29. Nxh5+ gxh5 30. Qxf5 Qf7 31. Qh3 Qg6 32. Rc3 1-0

[Event "Sparkassen Open A 2013"]
[Site "Dortmund GER"]
[Date "2013.08.04"]
[Round "9.24"]
[White "Steinle, Carsten"]
[Black "Giraud, Valerian"]
[Result "1-0"]
[WhiteElo "2229"]
[BlackElo "1955"]
[WhiteFideId "24676462"]
[BlackFideId "12920355"]
[EventDate "2013.07.27"]

1. d4 Nf6 2. Bf4 g6 3. Nf3 Bg7 4. h3 O-O 5. e3 d6 6. Be2 Nc6 7. O-O Nd7 8. c4 e5
9. Bh2 Re8 10. Nc3 e4 11. Nd2 f5 12. c5 dxc5 13. Nb5 cxd4 14. Bc4+ Kh8 15. Nxc7
Nde5 16. Nxa8 Be6 17. Bxe6 Rxe6 18. Qb3 Re7 19. Nc4 Nxc4 20. Qxc4 Qxa8 21. exd4
Bxd4 22. Rad1 Qd8 23. b4 Rd7 24. Kh1 h5 25. b5 Ne5 26. Qxd4 Kh7 27. Bxe5 Rxd4
28. Rxd4 1-0

[Event "Sparkassen Open A 2013"]
[Site "Dortmund GER"]
[Date "2013.08.04"]
[Round "9.26"]
[White "Schmuecker, Marcus"]
[Black "Huckebrink, Chris"]
[Result "1-0"]
[WhiteElo "2255"]
[BlackElo "2034"]
[WhiteFideId "4658892"]
[BlackFideId "12900320"]
[EventDate "2013.07.27"]

1. e4 Nf6 2. e5 Nd5 3. c4 Nb6 4. d4 d6 5. f4 Bf5 6. Nf3 e6 7. Nc3 Na6 8. a3 c5
9. dxc5 dxc5 10. Be3 Be7 11. Qb3 O-O 12. Rd1 Qc8 13. Be2 Rd8 14. Kf2 Nb8 15.
Rxd8+ Qxd8 16. Rd1 Qc8 17. Nb5 N6d7 18. Nd6 Bxd6 19. Rxd6 Na6 20. Nd2 Nf8 21.
Bf3 Rb8 22. g4 Bg6 23. Ne4 Bxe4 24. Bxe4 Nc7 25. Bxc5 Ne8 26. Bxa7 Nxd6 27. exd6
Ra8 28. Qxb7 Qxb7 29. Bxb7 Rxa7 30. Bc6 Nd7 31. Bxd7 Rxd7 32. c5 Kf8 33. Ke3 Rb7
34. c6 Rb3+ 35. Kd4 Ke8 36. Kc5 Rxb2 37. a4 Kd8 38. a5 Rc2+ 39. Kb6 Rb2+ 40. Kc5
Rc2+ 41. Kb6 Rb2+ 42. Kc5 f6 43. a6 e5 44. fxe5 fxe5 45. a7 Ra2 46. Kb6 Kc8 47.
d7+ Kd8 48. a8=Q+ Rxa8 49. Kb7 Ra1 50. c7+ Kxd7 51. c8=Q+ Ke7 52. Qc5+ Kf6 53.
Qd6+ Kf7 54. Qxe5 Rb1+ 55. Ka6 Rg1 56. Qd5+ Ke8 57. Qa8+ 1-0

[Event "Sparkassen Open A 2013"]
[Site "Dortmund GER"]
[Date "2013.08.04"]
[Round "9.27"]
[White "Bausch, Thomas"]
[Black "Strathoff, Martin"]
[Result "0-1"]
[WhiteElo "1969"]
[BlackElo "2059"]
[WhiteFideId "24611115"]
[BlackFideId "24609560"]
[EventDate "2013.07.27"]

1. e4 c5 2. Nf3 d6 3. d4 cxd4 4. Nxd4 Nf6 5. Nc3 a6 6. h3 b5 7. g4 Bb7 8. Bg2 e6
9. g5 Nfd7 10. Qh5 Qa5 11. g6 fxg6 12. Qg4 e5 13. Qe6+ Be7 14. Bg5 Nf6 15. Nb3
Qc7 16. O-O-O Bc8 17. Nd5 Nxd5 18. Qxd5 Bxg5+ 19. f4 Bxf4+ 20. Kb1 Ra7 21. Rhf1
Ke7 22. Rxf4 Be6 23. Qd2 exf4 24. Nd4 Rf8 25. h4 Nc6 26. Nxe6 Kxe6 27. Qd5+ Ke7
28. e5 Nxe5 29. Bh3 Rf6 30. Qg8 Qc4 31. Qb8 Rc7 0-1

[Event "Sparkassen Open A 2013"]
[Site "Dortmund GER"]
[Date "2013.08.04"]
[Round "9.30"]
[White "Deinert, Wolfgang"]
[Black "Nepveu, Manuel"]
[Result "0-1"]
[WhiteElo "1778"]
[BlackElo "1955"]
[WhiteFideId "4685229"]
[BlackFideId "1006339"]
[EventDate "2013.07.27"]

1. e4 e6 2. d4 d5 3. Nc3 Nf6 4. Bg5 Bb4 5. e5 h6 6. Bd2 Bxc3 7. bxc3 Ne4 8. Bd3
Nxd2 9. Qxd2 c5 10. Nf3 Nc6 11. O-O Qa5 12. Rfd1 cxd4 13. cxd4 Qxd2 14. Rxd2 Bd7
15. c4 dxc4 16. Bxc4 Na5 17. Bb3 Bc6 18. Kf1 Rd8 19. Ke2 Ke7 20. d5 Bxd5 21.
Bxd5 Rxd5 22. Rxd5 exd5 23. Rb1 b6 24. Nd4 Rc8 25. Kd3 Nc6 26. Nxc6+ Rxc6 27.
Rb2 Rc4 28. Re2 Ke6 29. g3 g5 30. Re3 Ra4 31. Re2 b5 32. Kc3 a6 33. Kb3 Rc4 34.
f3 a5 35. a3 a4+ 36. Kb2 b4 37. axb4 Rxb4+ 38. Kc2 Rb3 39. f4 gxf4 40. gxf4 Rf3 0-1

[Event "Sparkassen Open A 2013"]
[Site "Dortmund GER"]
[Date "2013.08.04"]
[Round "9.31"]
[White "Armbruester, Juergen"]
[Black "Schuetzhold, Frank"]
[Result "1/2-1/2"]
[WhiteElo "1954"]
[BlackElo "1886"]
[WhiteFideId "24681229"]
[BlackFideId "4624980"]
[EventDate "2013.07.27"]

1. e4 d6 2. d4 Nf6 3. Nc3 g6 4. Be3 c6 5. f3 Qb6 6. Rb1 Bg7 7. Qd2 Qa5 8. Bd3
Nbd7 9. Nge2 O-O 10. O-O Qc7 11. a4 a6 12. Ra1 c5 13. dxc5 Nxc5 14. Bh6 Nxd3 15.
cxd3 Bd7 16. Bxg7 Kxg7 17. Rfc1 Qa5 18. b3 Rfc8 19. Qb2 Kg8 20. d4 Rc7 21. b4
Qg5 22. f4 Qg4 23. Qd2 Rac8 24. h3 1/2-1/2

[Event "Sparkassen Open A 2013"]
[Site "Dortmund GER"]
[Date "2013.08.04"]
[Round "9.33"]
[White "Biermann, Florian"]
[Black "Morgenroth, Hubertus"]
[Result "1-0"]
[WhiteElo "1807"]
[BlackElo "1857"]
[WhiteFideId "2812630"]
[BlackFideId "12922269"]
[EventDate "2013.07.27"]

1. e4 e5 2. Bc4 d6 3. Nf3 Nc6 4. d3 Be7 5. Nbd2 Nf6 6. c3 O-O 7. Nf1 d5 8. exd5
Nxd5 9. Ng3 Be6 10. O-O f6 11. Bb3 Na5 12. Bc2 c5 13. Bd2 Nc6 14. Re1 Qd7 15.
Qe2 Bf7 16. Rad1 Rfe8 17. h4 Bd6 18. Qf1 h6 19. Ne4 Be7 20. d4 c4 21. Bc1 Qg4
22. Ng3 Be6 23. dxe5 fxe5 24. Rxd5 Bxd5 25. Bf5 Bxf3 26. Bxg4 Bxg4 27. Qxc4+ 1-0

[Event "Sparkassen Open A 2013"]
[Site "Dortmund GER"]
[Date "2013.08.04"]
[Round "9.35"]
[White "Wegelin, Reinhard"]
[Black "Hassler, Rolf"]
[Result "1-0"]
[WhiteElo "1935"]
[BlackElo "1887"]
[WhiteFideId "1305778"]
[BlackFideId "4638255"]
[EventDate "2013.07.27"]

1. d4 f5 2. Bg5 d6 3. Nc3 g6 4. e4 Bg7 5. exf5 Bxf5 6. Nf3 Nf6 7. Bd3 Bxd3 8.
Qxd3 O-O 9. O-O-O Nc6 10. Rhe1 a5 11. Kb1 Nb4 12. Qc4+ d5 13. Qe2 h6 14. Qe6+
Kh7 15. Bh4 Qd6 16. Qxe7 Ne4 17. Nxe4 dxe4 18. Qxd6 cxd6 19. Rxe4 g5 20. Bg3 d5
21. Re7 Nc6 22. Rxb7 Kg8 23. Ne5 Nxe5 24. dxe5 h5 25. h4 gxh4 26. Bxh4 Rf4 27.
Bg3 Rg4 28. Rh1 Re4 29. c3 Bxe5 30. Rxh5 Bxg3 31. Rg5+ Kf8 32. Rxg3 Re1+ 33. Kc2
Re2+ 34. Kd3 Rxf2 35. Rf3+ Rxf3+ 36. gxf3 Ra6 37. Rb5 Rf6 38. Rxd5 Rxf3+ 39. Ke4
Rh3 40. Kd4 Rg3 41. Rxa5 Ke7 42. b4 Kd6 43. a4 Kc6 44. Rc5+ Kb6 45. a5+ Kb7 46.
b5 1-0